History Quiz

Random History or State Quiz

2012 Governors Quiz Stats

 Plays Quiz not verified by Sporcle

Also try: 'W' in History
Challenge
Share
Tweet
Embed
Score 0/50 Timer 10:00
0 Plays Today
% Correct
Louisiana
100%
New York
100%
Texas
100%
New Jersey
97.7%
Wisconsin
97.7%
California
95.3%
Arizona
90.7%
South Carolina
90.7%
New Mexico
88.4%
Indiana*
86%
Florida
83.7%
Massachusetts
83.7%
Ohio
83.7%
Illinois
81.4%
Maryland
81.4%
Hawaii
76.7%
Kansas
76.7%
Arkansas
74.4%
Colorado
74.4%
Michigan
74.4%
Missouri
74.4%
Connecticut
72.1%
Rhode Island
72.1%
Virginia
72.1%
Alaska
69.8%
% Correct
Idaho
69.8%
Iowa
69.8%
Minnesota
69.8%
Nevada
69.8%
Washington*
69.8%
Montana*
67.4%
North Carolina*
67.4%
Georgia
62.8%
Maine
62.8%
New Hampshire*
62.8%
Vermont
62.8%
Kentucky
60.5%
Pennsylvania
60.5%
Alabama
58.1%
Nebraska
58.1%
Oklahoma
58.1%
West Virginia
58.1%
Oregon
55.8%
Utah
53.5%
Delaware
48.8%
Wyoming
46.5%
Mississippi
44.2%
North Dakota
44.2%
Tennessee
44.2%
South Dakota
37.2%

You're not logged in!

Compare scores with friends on all Sporcle quizzes.
OR
Log In

You Might Also Like...

Show Comments

Extras

Created Dec 17, 2012ReportNominate
Tags:State Quiz, election, governor

Top Quizzes Today


Score Distribution

Your Account Isn't Verified!

In order to create a playlist on Sporcle, you need to verify the email address you used during registration. Go to your Sporcle Settings to finish the process.

Report this User

Report this user for behavior that violates our Community Guidelines.

Details: